1167 1562 1091 1640 1903 1836 1530 1380 1311 1170 1175 1138 1930 1117 1028 1934 1885 1389 1901 1797 1785 1052 1549 1630 1044 1391 1792 1624 1732 1757 1244 1957 1184 1104 1375 1889 1535 1474 1374 1944 1905 1637 1864 1417 1001 1355 1863 1373 1658 1133 1379 1192 1964 1997 1770 1755 1274 1371 1653 1734 1962 1899 1401 1873 1750 1091 1027 1041 1950 1327 1979 1395 1474 1391 1555 1781 1213 1341 1951 1673 1220 1829 1046 1238 1908 1717 1648 1138 1878 1248 1653 1949 1708 1481 1504 1359 1917 1972 1056 BCNSPRNW ULIB Ver.6.0+V

เปลี่ยนเป็นภาษาไทย

Change to English
 แสดงรายละเอียดบรรณานุกรม
  กลับหน้าหลัก

Brief Record : Get Marc (ISO 2709) : E-mail record : QR code < ปิดหน้าต่าง
LEADER : 00000nam 2200000uu 4500
001    13399126686
003     ULIB
008    190212s2561||||th 000 0 tha d
020    ^a9786117089046
060 04 ^aWY100^bพ282ก
100 0  ^aพรศิริ พันธสี
245 10 ^aกระบวนการพยาบาล & แบบแผนสุขภาพ :^bการประยุกต์ใช้ทางคลินิก=^bNursing process & functional health pattern : application in clinical practice /^cพรศิริ พันธสี
246 31 ^aNursing process & functional health pattern : applicationin clinical practice
250    ^aพิมพ์ครั้งที่ 21
260    ^aกรุงเทพฯ :^bพิมพ์อักษร,^c2561
300    ^aก-ฎ, 334 หน้า ;^c26 ซม.
650  7 ^aกระบวนการพยาบาล
650  7 ^aการพยาบาล, การวินิจฉัย
650  7 ^aสุขภาพ
650  7 ^aการพยาบาล
650  7 ^aแบบแผนสุขภาพ
945    ^p220^l0^i005227
945    ^p220^l0^i005226
945    ^p220^l0^i005229
945    ^p220^l0^i005230
945    ^p220^l0^i005231
945    ^p220^l0^i005228
999    ^aประนอม เกษจรัล
รายการนี้ยังไม่มีแท็ก
คุณยังไม่ได้ล็อกอิน คุณสามารถมีกิจกรรมร่วมกับเว็บไซต์ได้ แต่ต้องล็อกอินก่อน ::
  ล็อกอิน

รายการสื่อสารสนเทศ

ลำดับที่ ประเภท เลขเรียก/บาร์โค้ด สถานที่ สถานะ
1. Book การพยาบาล
หนังสือสำรอง
สถานะ=หนังสือสำรอง
WY100 พ282ก ฉ.1 
  Barcode: 005226
ห้องสมุดวิทยาเขตสวรรค์ประชารักษ์
►หนังสือทั่วไป
บนชั้น
2. Book การพยาบาล
Book การพยาบาล
WY100 พ282ก ฉ.2 
  Barcode: 005227
ห้องสมุดวิทยาเขตสวรรค์ประชารักษ์
►หนังสือทั่วไป
ถูกยืม กำหนดส่งวันที่ 6 กรกฎาคม 2569
  จอง
3. Book การพยาบาล
Book การพยาบาล
WY100 พ282ก ฉ.3 
  Barcode: 005228
ห้องสมุดวิทยาเขตสวรรค์ประชารักษ์
►หนังสือทั่วไป
บนชั้น
4. Book การพยาบาล
Book การพยาบาล
WY100 พ282ก ฉ.4 
  Barcode: 005229
ห้องสมุดวิทยาเขตสวรรค์ประชารักษ์
►หนังสือทั่วไป
ถูกยืม กำหนดส่งวันที่ 6 กรกฎาคม 2569
  จอง
5. Book การพยาบาล
Book การพยาบาล
WY100 พ282ก ฉ.5 
  Barcode: 005230
ห้องสมุดวิทยาเขตสวรรค์ประชารักษ์
►หนังสือทั่วไป
บนชั้น
6. Book การพยาบาล
Book การพยาบาล
WY100 พ282ก ฉ.6 
  Barcode: 005231
ห้องสมุดวิทยาเขตสวรรค์ประชารักษ์
►หนังสือทั่วไป
บนชั้น

รายการใกล้เคียง
    ผู้แต่ง [พรศิริ พันธสี]

    หัวเรื่อง [กระบวนการพยาบาล]
    หัวเรื่อง [การพยาบาล, การวินิจฉัย]
    หัวเรื่อง [สุขภาพ]
    หัวเรื่อง [การพยาบาล]
    หัวเรื่อง [แบบแผนสุขภาพ]

BibComment


ยังไม่เคยถูกคอมเมนท์

คอมเมนท์ทรัพยากรรายการนี้
  คอมเมนท์: กระบวนการพยาบาล ..


 Copyright 2026. Bcnsprnw @Library